000 00296nam a2200109Ia 4500
008 210107s9999 xx 000 0 und d
100 _aVirmani, B. R.
245 0 _aManaging People in Organisations : The Challenges of Change
260 _aNew Delhi
_bResponse Books
300 _a237
942 _cBK
999 _c10576
_d10576